[Event "Who's up for some Caro-Kann??"]
[Site "SchemingMind.com"]
[Date "2005.10.25"]
[Round "-"]
[White "Aumonde"]
[Black "Gary"]
[Result "1-0"]
[WhiteCountry "USA"]
[BlackCountry "ENG"]
[WhiteElo "2118"]
[WhiteRD "70"]
[BlackElo "1523"]
[BlackRD "64"]
[GameID "28453"]

1. e4 c6 2. d4 d5 3. Nd2 dxe4 4. Nxe4 Nf6 5. Nxf6+ gxf6 6. Nf3 Bg4 7. Be2 Nd7 8. O-O Qb6 9. Rb1 Bg7 10. Qd3 O-O
11. Be3 Qc7 12. Qe4 Be6 13. c4 f5 14. Qh4 Nf6 15. Rfe1 Ng4 16. Ng5 h6 17. Nxe6 fxe6 18. Bxg4 fxg4 19. Qxg4 Kh7 20. Qxe6
1-0

[Event "Who's up for some Caro-Kann??"]
[Site "SchemingMind.com"]
[Date "2005.10.25"]
[Round "-"]
[White "Gary"]
[Black "Aumonde"]
[Result "0-1"]
[WhiteCountry "ENG"]
[BlackCountry "USA"]
[WhiteElo "1498"]
[WhiteRD "55"]
[BlackElo "2135"]
[BlackRD "68"]
[GameID "28454"]

1. e4 c6 2. d4 d5 3. c4 dxe4 4. Nc3 Nf6 5. Bg5 Bf5 6. f3 Nbd7 7. Be2 h6 8. Bxf6 Nxf6 9. Nh3 exf3 10. Bxf3 Qd6
11. Nf2 O-O-O 12. d5 cxd5 13. cxd5 Qe5+ 14. Qe2 Qxe2+ 15. Kxe2 e6 16. g4 Bg6 17. Rac1 Kb8 18. dxe6 Re8 19. Kf1 Rxe6 20. Kg2 Bc5
21. Rhe1 Be3 22. Ra1 h5 23. Nd5 Nxd5 24. Bxd5 Bxf2 25. Kxf2 Rd6
0-1

[Event "Who's up for some Caro-Kann??"]
[Site "SchemingMind.com"]
[Date "2005.10.26"]
[Round "-"]
[White "carosoko"]
[Black "Gary"]
[Result "0-1"]
[WhiteCountry "BEL"]
[BlackCountry "ENG"]
[WhiteElo "1203"]
[WhiteRD "150"]
[BlackElo "1498"]
[BlackRD "55"]
[GameID "28468"]

1. e4 c6 2. d4 d5 3. Nd2 dxe4 4. Nxe4 Nf6 5. Nxf6+ gxf6 6. c3 Bg7 7. Bd3 O-O 8. Qc2 f5 9. Bxf5 Bxf5 10. Qxf5 Qd5
0-1

[Event "Who's up for some Caro-Kann??"]
[Site "SchemingMind.com"]
[Date "2005.10.26"]
[Round "-"]
[White "carosoko"]
[Black "Aumonde"]
[Result "0-1"]
[WhiteCountry "BEL"]
[BlackCountry "USA"]
[WhiteElo "1381"]
[WhiteRD "256"]
[BlackElo "2145"]
[BlackRD "64"]
[GameID "28469"]

1. e4 c6 2. d4 d5 3. Nd2 dxe4 4. Nxe4 Nd7 5. Nf3 Ngf6 6. Ng3 e6 7. Bd3 Bd6 8. O-O O-O 9. Bg5 Qb6 10. Qc1 c5
11. dxc5 Qxc5 12. Qe3 Qc7 13. Ne4 Ng4 14. Qe2 Bxh2+ 15. Kh1 Bf4 16. Rad1 f5 17. Bxf4 Qxf4 18. Neg5 Nc5 19. Nh3 Qc7 20. Bc4 Ne4
21. Nfg5 Qh2#
0-1

[Event "Who's up for some Caro-Kann??"]
[Site "SchemingMind.com"]
[Date "2005.10.25"]
[Round "-"]
[White "Gary"]
[Black "carosoko"]
[Result "1-0"]
[WhiteCountry "ENG"]
[BlackCountry "BEL"]
[WhiteElo "1498"]
[WhiteRD "55"]
[BlackElo "1203"]
[BlackRD "150"]
[GameID "28470"]

1. e4 c6 2. d4 d5 3. Nc3 g6 4. Nf3 Bg4 5. exd5 cxd5 6. Bb5+ Nc6 7. O-O Rc8 8. Bf4 Bg7 9. h3 Bxf3 10. Qxf3 e6
11. Rad1
1-0

[Event "Who's up for some Caro-Kann??"]
[Site "SchemingMind.com"]
[Date "2005.10.26"]
[Round "-"]
[White "Aumonde"]
[Black "carosoko"]
[Result "1-0"]
[WhiteCountry "USA"]
[BlackCountry "BEL"]
[WhiteElo "2145"]
[WhiteRD "64"]
[BlackElo "1381"]
[BlackRD "256"]
[GameID "28471"]

1. e4 c6 2. d4 d5 3. exd5 cxd5 4. Bd3 Nc6 5. c3 Nf6 6. h3 e5 7. dxe5 Nxe5 8. Qe2 Qe7 9. Be3 Nxd3+ 10. Qxd3 Be6
11. Nd2 Qc7 12. Ngf3 Bc5 13. Bxc5 Qxc5 14. O-O O-O 15. Rfe1 Rfe8 16. Nd4 Bd7 17. Qg3 Ne4 18. Qf4 a5 19. Nxe4 dxe4 20. Rxe4 Bc6
21. Nxc6 Qxc6 22. Rae1 Rxe4 23. Rxe4 Rd8 24. Re7 Rd1+ 25. Kh2 Kf8 26. Qxf7#
1-0

[Event "Who's up for some Caro-Kann??"]
[Site "SchemingMind.com"]
[Date "2005.10.25"]
[Round "-"]
[White "Oskyrain"]
[Black "Gary"]
[Result "1-0"]
[WhiteCountry "ARG"]
[BlackCountry "ENG"]
[WhiteElo "2110"]
[WhiteRD "71"]
[BlackElo "1524"]
[BlackRD "63"]
[GameID "28472"]

1. e4 c6 2. d4 d5 3. e5 Bf5 4. Nf3 e6 5. Bf4 c5 6. Bb5+ Nc6 7. O-O Be7 8. Be3 f6 9. dxc5 a6 10. Bxc6+ bxc6
11. Nbd2 Qa5 12. c4 Bxc5 13. Nb3
1-0

[Event "Who's up for some Caro-Kann??"]
[Site "SchemingMind.com"]
[Date "2005.10.25"]
[Round "-"]
[White "Oskyrain"]
[Black "Aumonde"]
[Result "1-0"]
[WhiteCountry "ARG"]
[BlackCountry "USA"]
[WhiteElo "2110"]
[WhiteRD "71"]
[BlackElo "2145"]
[BlackRD "64"]
[GameID "28473"]

1. e4 c6 2. d4 d5 3. e5 Bf5 4. Nf3 e6 5. c4 Bb4+ 6. Bd2 Bxd2+ 7. Nbxd2 Ne7 8. Qb3 Qb6 9. c5 Qxb3 10. Nxb3 Nd7
11. Be2 Ng6 12. O-O O-O 13. Rfe1 f6 14. exf6 Rxf6 15. Na5 Rb8 16. Bd1 Nf4 17. Re3 Be4 18. Ne1 Rg6 19. g3 e5 20. dxe5 Nxc5
21. Kf1 Nfe6 22. b4 Na6 23. f3 Rf8 24. Nxb7 Nxb4 25. Nd6 Rg5 26. Kf2 Rh5 27. Kg2 Bg6 28. f4 Rh6 29. Rb3 a5 30. a3 Na6
31. Rb6 Nac5 32. Rc1 Ne4 33. Rcxc6 Nd4 34. Rc8 Nxd6 35. Rxf8+ Kxf8 36. exd6 Be4+ 37. Kg1 Kf7 38. Ba4 Bf5 39. Rb7+ Ke6 40. g4 Ne2+
41. Kf1 Bxg4 42. Rxg7 Kxd6 43. Rxg4 Nc3 44. Bc2 Rxh2 45. f5 a4 46. f6 Ke6 47. Rf4 Kf7 48. Nf3
1-0

[Event "Who's up for some Caro-Kann??"]
[Site "SchemingMind.com"]
[Date "2005.10.25"]
[Round "-"]
[White "Oskyrain"]
[Black "carosoko"]
[Result "1-0"]
[WhiteCountry "ARG"]
[BlackCountry "BEL"]
[WhiteElo "2138"]
[WhiteRD "77"]
[BlackElo "1203"]
[BlackRD "150"]
[GameID "28474"]

1. e4 c6 2. d4 d5 3. e5 c5 4. dxc5 Nc6 5. Bb5 e6 6. Bxc6+ bxc6 7. Qd4 Qa5+ 8. b4 Qc7 9. Nf3 a5 10. c3 Ba6
11. Nbd2 Be7 12. Nb3 axb4 13. cxb4 Bc4 14. Qc3 h6 15. a4 Nf6 16. exf6 Bxf6 17. Nbd4 e5 18. Nf5 e4 19. Nxg7+ Bxg7 20. Qxg7 O-O-O
21. Ne5 Rdg8 22. Qf6 Rh7 23. Qf5+
1-0

[Event "Who's up for some Caro-Kann??"]
[Site "SchemingMind.com"]
[Date "2005.10.25"]
[Round "-"]
[White "Gary"]
[Black "Oskyrain"]
[Result "0-1"]
[WhiteCountry "ENG"]
[BlackCountry "ARG"]
[WhiteElo "1513"]
[WhiteRD "66"]
[BlackElo "2149"]
[BlackRD "84"]
[GameID "28475"]

1. e4 c6 2. d4 d5 3. Nc3 dxe4 4. Nxe4 Bf5 5. Ng3 Bg6 6. Nf3 e6 7. Bd3 Nf6 8. O-O Bd6 9. c4 Bxd3 10. Qxd3 Nbd7
11. Bg5 h6 12. Bxf6 Nxf6 13. Ne4 Nxe4 14. Qxe4 O-O 15. a3 Qf6 16. c5 Bc7 17. Rfe1 Rfd8 18. b4 Rd5 19. Rad1 Rad8 20. Rd2 Qf4
21. Qd3= b5 22. g3 Qf5 23. Qc3 a5 24. Qd3 axb4 25. axb4 Qxd3 26. Rxd3 Ra8 27. Rd2 g6 28. Ree2 Ra4 29. Rb2 Rd8 30. Kg2 Kg7
31. Nd2 Rxd4 32. Re4 Rd5 33. Nf3 Rxc5
0-1

[Event "Who's up for some Caro-Kann??"]
[Site "SchemingMind.com"]
[Date "2005.10.26"]
[Round "-"]
[White "Aumonde"]
[Black "Oskyrain"]
[Result "1/2-1/2"]
[WhiteCountry "USA"]
[BlackCountry "ARG"]
[WhiteElo "2145"]
[WhiteRD "64"]
[BlackElo "2110"]
[BlackRD "71"]
[GameID "28476"]

1. e4 c6 2. d4 d5 3. f3 dxe4 4. fxe4 e5 5. Nf3 exd4 6. Qxd4 Qxd4 7. Nxd4 Bd6 8. Nd2 Nf6 9. Nc4 Nxe4 10. Nxd6+ Nxd6
11. Bf4 Nf5 12. O-O-O Nxd4 13. Rxd4 Be6 14. Bd3 Nd7 15. Re1 O-O 16. Bd6 Rfe8 17. c4 b6 18. h3 Nf6 19. Be5 Rad8 20. Rxd8 Rxd8
21. Kc2 h5 22. b3 Kf8 23. Bc7 Rd7 24. Bg3 c5 25. a4 a5 26. Rf1 Ke7 27. Re1 Kd8 28. Re5=
1/2-1/2

[Event "Who's up for some Caro-Kann??"]
[Site "SchemingMind.com"]
[Date "2005.10.26"]
[Round "-"]
[White "carosoko"]
[Black "Oskyrain"]
[Result "0-1"]
[WhiteCountry "BEL"]
[BlackCountry "ARG"]
[WhiteElo "1203"]
[WhiteRD "150"]
[BlackElo "2138"]
[BlackRD "77"]
[GameID "28477"]

1. e4 c6 2. d4 d5 3. Nd2 dxe4 4. Nxe4 Bf5 5. Ng3 Bg6 6. N1e2 Nf6 7. h4 e6 8. Nf4 c5 9. Bb5+ Nbd7 10. Qe2 cxd4
11. h5 d3 12. cxd3 Qa5+ 13. Bd2 Qxb5 14. hxg6 e5 15. Ne4 Qxb2 16. gxf7+ Kxf7 17. Ng5+ Kg8 18. O-O Re8 19. d4 Qxd4 20. Be3 exf4
21. a4 fxe3 22. Rfd1 exf2+
0-1

[Event "Who's up for some Caro-Kann??"]
[Site "SchemingMind.com"]
[Date "2005.10.26"]
[Round "-"]
[White "paddyBosnian"]
[Black "Gary"]
[Result "1-0"]
[WhiteCountry "BIH"]
[BlackCountry "ENG"]
[WhiteElo "1781"]
[WhiteRD "74"]
[BlackElo "1453"]
[BlackRD "58"]
[GameID "28514"]

1. e4 c6 2. d4 d5 3. Nc3 dxe4 4. Nxe4 Nf6 5. Nxf6+ gxf6 6. c3 Bf5 7. Bf4 Nd7 8. Nf3 Qb6 9. Bd3 Bg6 10. Qe2 Bg7
11. O-O O-O 12. Bxg6 hxg6 13. Qxe7 Qd8 14. Rfe1 Nb6 15. Bc7 Qxe7 16. Rxe7 Nd5 17. Rd7 Nxc7 18. Rxc7 Rab8 19. Re1 Rfc8 20. Ree7 Rxc7
21. Rxc7 Bf8 22. Nd2 Bd6 23. Rd7 Bf4 24. Nc4 Kf8 25. Na5 a6 26. Rxb7 Rxb7 27. Nxb7 Bc1 28. b3 Bb2 29. Nc5 Bxc3 30. Nxa6 Bxd4
31. Nb4 c5 32. Nc2 Bc3 33. Kf1 Ke7 34. Ke2 Kd6 35. Kd3 Ba5 36. Kc4 Kc6 37. b4 cxb4 38. Nxb4+ Kd6 39. Kb5 Bd8 40. a4 Kc7
41. Nc6
1-0

[Event "Who's up for some Caro-Kann??"]
[Site "SchemingMind.com"]
[Date "2005.10.26"]
[Round "-"]
[White "paddyBosnian"]
[Black "Oskyrain"]
[Result "0-1"]
[WhiteCountry "BIH"]
[BlackCountry "ARG"]
[WhiteElo "1818"]
[WhiteRD "79"]
[BlackElo "2110"]
[BlackRD "71"]
[GameID "28515"]

1. e4 c6 2. d4 d5 3. Nc3 dxe4 4. Nxe4 f5 5. Nc5 e5 6. Nb3 e4 7. Bf4 Nf6 8. Nh3 Nbd7 9. Be2 Be7 10. O-O Nd5
11. c4 Nxf4 12. Nxf4 Bd6 13. Bh5+ g6 14. Ne6 Qf6 15. d5 gxh5 16. Qxh5+ Qg6 17. Qxf5 Ne5 18. Qxg6+ hxg6 19. c5 Bb8 20. dxc6 Nxc6
21. Ng5 Bxh2+ 22. Kh1 Bf4+ 23. Nh3 Bxh3 24. gxh3 Rxh3+ 25. Kg1 Ne5 26. Rfd1 Nd3 27. a4 O-O-O 28. a5 Rdh8
0-1

[Event "Who's up for some Caro-Kann??"]
[Site "SchemingMind.com"]
[Date "2005.10.26"]
[Round "-"]
[White "paddyBosnian"]
[Black "Aumonde"]
[Result "0-1"]
[WhiteCountry "BIH"]
[BlackCountry "USA"]
[WhiteElo "1823"]
[WhiteRD "77"]
[BlackElo "2128"]
[BlackRD "65"]
[GameID "28516"]

1. e4 c6 2. d4 d5 3. Nc3 g6 4. h3 Bg7 5. Nf3 dxe4 6. Nxe4 Nf6 7. Nxf6+ Bxf6 8. Bc4 Nd7 9. O-O Nb6 10. Bb3 a5
11. c3 a4 12. Bc2 Bg7 13. Re1 O-O 14. Bf4 Nd5 15. Bh2 a3 16. Bb3 axb2 17. Rb1 Nxc3 18. Qd3 Nxb1 19. Qxb1 Bxd4 20. Nxd4 Qxd4
21. Be5 Qd2 22. Bxb2 Be6 23. Rxe6 fxe6 24. Bxe6+ Rf7 25. Be5 Qxf2+ 26. Kh2 Qe3 27. Bxf7+ Kxf7 28. Qf1+ Ke8 29. Bf4 Qd4 30. Bh6 Rxa2
31. Qf8+ Kd7 32. Bg5 Qd6+
0-1

[Event "Who's up for some Caro-Kann??"]
[Site "SchemingMind.com"]
[Date "2005.10.26"]
[Round "-"]
[White "paddyBosnian"]
[Black "carosoko"]
[Result "1-0"]
[WhiteCountry "BIH"]
[BlackCountry "BEL"]
[WhiteElo "1810"]
[WhiteRD "75"]
[BlackElo "1271"]
[BlackRD "178"]
[GameID "28517"]

1. e4 c6 2. d4 d5 3. Nc3 g6 4. Nf3 Bg4 5. exd5 cxd5 6. h3 Bxf3 7. Qxf3 Nf6 8. Bg5 Bg7 9. Bxf6 Bxf6 10. Bb5+ Nc6
11. Qxd5 Qxd5 12. Nxd5 O-O-O 13. Bxc6 bxc6 14. Nxf6 exf6 15. O-O-O Rhe8 16. c3 Re2 17. Rd2 Rde8 18. Rhd1 f5 19. Rxe2 Rxe2 20. Rd2 Re7
21. Kd1 Kc7 22. Re2 Rd7 23. b4 Kd6 24. Kc2 f6 25. Re8
1-0

[Event "Who's up for some Caro-Kann??"]
[Site "SchemingMind.com"]
[Date "2005.10.26"]
[Round "-"]
[White "Gary"]
[Black "paddyBosnian"]
[Result "0-1"]
[WhiteCountry "ENG"]
[BlackCountry "BIH"]
[WhiteElo "1523"]
[WhiteRD "64"]
[BlackElo "1810"]
[BlackRD "75"]
[GameID "28518"]

1. e4 c6 2. d4 d5 3. Nc3 dxe4 4. Nxe4 Bf5 5. Ng3 Bg6 6. Nf3 Nd7 7. Bc4 e6 8. O-O Qc7 9. Re1 Be7 10. Be3 Ngf6
11. Qd2 Ne4 12. Nxe4 O-O-O 13. Nc3 e5 14. d5 e4 15. Nd4 Ne5 16. Bb3 h5 17. Bf4 Bd6 18. dxc6 Nf3+ 19. gxf3 Bxf4 20. Qd1 Bxh2+
21. Kh1 Be5
0-1

[Event "Who's up for some Caro-Kann??"]
[Site "SchemingMind.com"]
[Date "2005.10.26"]
[Round "-"]
[White "Oskyrain"]
[Black "paddyBosnian"]
[Result "1-0"]
[WhiteCountry "ARG"]
[BlackCountry "BIH"]
[WhiteElo "2110"]
[WhiteRD "71"]
[BlackElo "1818"]
[BlackRD "79"]
[GameID "28519"]

1. e4 c6 2. d4 d5 3. e5 Bf5 4. c4 e6 5. Nc3 dxc4 6. Bxc4 Nd7 7. Nf3 Nb6 8. Bb3 Ne7 9. Nh4 Qc7 10. O-O O-O-O
11. Bg5 Bg6 12. Rc1 h6 13. Nxg6 fxg6 14. Bxe6+ Kb8 15. Nb5 hxg5 16. Nxc7 Kxc7 17. Qd2 Nf5 18. Bxf5 gxf5 19. Qxg5 Rxd4 20. Rfd1 Rd7
21. Rxd7+ Nxd7 22. Rd1 Nxe5 23. Qd8#
1-0

[Event "Who's up for some Caro-Kann??"]
[Site "SchemingMind.com"]
[Date "2005.10.26"]
[Round "-"]
[White "Aumonde"]
[Black "paddyBosnian"]
[Result "1-0"]
[WhiteCountry "USA"]
[BlackCountry "BIH"]
[WhiteElo "2128"]
[WhiteRD "65"]
[BlackElo "1823"]
[BlackRD "77"]
[GameID "28520"]

1. e4 c6 2. d4 d5 3. c4 dxe4 4. Nc3 Nf6 5. Bg5 h6 6. Bxf6 exf6 7. Nxe4 Bb4+ 8. Nc3 O-O 9. Bd3 Re8+ 10. Ne2 Nd7
11. O-O Nf8 12. a3 Ba5 13. Qc2 Bg4 14. b4 Bc7 15. f3 Bh5 16. c5 Ne6 17. Rad1 Nf4 18. Bh7+ Kh8 19. Nxf4 Bxf4 20. Be4 f5
21. Bxf5 Qh4 22. g4 Bg6 23. Bxg6 fxg6 24. Ne4 Rad8 25. Kh1 Rd5 26. Rd3 h5 27. Qg2 hxg4 28. fxg4 Rxe4 29. Rh3 Qxh3 30. Qxh3+ Kg8
31. Rd1 Rexd4 32. Rxd4 Rxd4 33. Qb3+ Rd5 34. h4 a6 35. Qb1 Bg3 36. Qxg6 Bxh4 37. Qe8+ Kh7 38. Qf7 a5 39. Qxb7 axb4 40. axb4 Rd4
41. Qxc6 Rxb4 42. Qd5 Bf6 43. Qf5+ Kh8 44. c6 Rc4 45. Qh5+
1-0

[Event "Who's up for some Caro-Kann??"]
[Site "SchemingMind.com"]
[Date "2005.10.26"]
[Round "-"]
[White "carosoko"]
[Black "paddyBosnian"]
[Result "0-1"]
[WhiteCountry "BEL"]
[BlackCountry "BIH"]
[WhiteElo "1381"]
[WhiteRD "256"]
[BlackElo "1818"]
[BlackRD "79"]
[GameID "28521"]

1. e4 c6 2. d4 d5 3. Nd2 dxe4 4. Nxe4 Bf5 5. Ng3 Bg6 6. N1e2 Nf6 7. h4 h6 8. Nf4 Bh7 9. Bc4 e5 10. dxe5 Qa5+
11. Qd2 Qxe5+ 12. Kd1 Qc5 13. Re1+ Be7 14. Bb3 O-O 15. Ke2 Nbd7 16. Kf1 Nb6 17. Nd3 Bxd3+ 18. Qxd3 Rad8 19. Qg6 Qb5+
0-1

[Event "Who's up for some Caro-Kann??"]
[Site "SchemingMind.com"]
[Date "2005.10.27"]
[Round "-"]
[White "mmilano"]
[Black "Gary"]
[Result "1-0"]
[WhiteCountry "VEN"]
[BlackCountry "ENG"]
[WhiteElo "1935"]
[WhiteRD "91"]
[BlackElo "1498"]
[BlackRD "55"]
[GameID "28563"]

1. e4 c6 2. d4 d5 3. exd5 Qxd5 4. c4 Qd8 5. Nc3 Nf6 6. Bg5 e6 7. Nf3 Be7 8. Bd3 O-O 9. O-O Nbd7 10. Qe2 Qc7
11. Rfe1 b6 12. d5 cxd5 13. cxd5 Nc5 14. Nb5 Qd7 15. d6 Bd8 16. Bc2 a6 17. Nc3 Bb7 18. Rad1 Nd5 19. Nxd5 Bxd5 20. b4 Nb7
21. Be7 Bxe7 22. dxe7 Qxe7 23. Rxd5
1-0

[Event "Who's up for some Caro-Kann??"]
[Site "SchemingMind.com"]
[Date "2005.10.27"]
[Round "-"]
[White "mmilano"]
[Black "Oskyrain"]
[Result "0-1"]
[WhiteCountry "VEN"]
[BlackCountry "ARG"]
[WhiteElo "1940"]
[WhiteRD "89"]
[BlackElo "2151"]
[BlackRD "81"]
[GameID "28564"]

1. e4 c6 2. d4 d5 3. exd5 cxd5 4. c4 Nc6 5. Nc3 Nf6 6. Nf3 Bg4 7. cxd5 Nxd5 8. Qb3 Bxf3 9. gxf3 Nb6 10. d5 Nd4
11. Bb5+ Nd7 12. Qa4 Nxf3+ 13. Ke2 Ne5 14. Bf4 a6 15. Bxe5 axb5 16. Qd4 Nxe5 17. Qxe5 Qd7 18. Rhd1 b4 19. Ne4 f6 20. Qe6 Qxe6
21. dxe6 g6 22. Rd7 f5 23. Nc5 Bg7 24. Nd3 Ra6 25. Rxb7 Rxe6+ 26. Kd2 Kf7 27. Rxb4 Rd8 28. Rb3 Bd4 29. f4 Re4 30. Re1 Bxb2
31. Rxe4 fxe4 32. Rxb2 Rxd3+ 33. Ke1 Kf6 34. a4 Ra3 35. Rb4 Kf5 36. Rb7 Kxf4 37. Rxe7 h5 38. Rg7 g5 39. Rf7+ Ke3
0-1

[Event "Who's up for some Caro-Kann??"]
[Site "SchemingMind.com"]
[Date "2005.10.27"]
[Round "-"]
[White "mmilano"]
[Black "Aumonde"]
[Result "0-1"]
[WhiteCountry "VEN"]
[BlackCountry "USA"]
[WhiteElo "1896"]
[WhiteRD "100"]
[BlackElo "2145"]
[BlackRD "64"]
[GameID "28565"]

1. e4 c6 2. d4 d5 3. Nc3 g6 4. h3 Bg7 5. Nf3 Nf6 6. Bf4 dxe4 7. Ng5 Nd5 8. Bh2 Nxc3 9. bxc3 Qd5 10. h4 h6
11. Nh3 Qa5 12. Qd2 c5 13. Nf4 cxd4 14. cxd4 Qxd2+ 15. Kxd2 Bxd4 16. c3 Bxf2
0-1

[Event "Who's up for some Caro-Kann??"]
[Site "SchemingMind.com"]
[Date "2005.10.27"]
[Round "-"]
[White "mmilano"]
[Black "paddyBosnian"]
[Result "0-1"]
[WhiteCountry "VEN"]
[BlackCountry "BIH"]
[WhiteElo "1923"]
[WhiteRD "88"]
[BlackElo "1810"]
[BlackRD "75"]
[GameID "28566"]

1. e4 c6 2. d4 d5 3. Nc3 dxe4 4. Nxe4 Nd7 5. Bd3 Ngf6 6. Ng5 e6 7. N1f3 Bd6 8. Qe2 h6 9. Ne4 Nxe4 10. Qxe4 Nf6
11. Qh4 Qc7 12. Bd2 Bd7 13. O-O-O O-O-O 14. Ne5 Bxe5 15. dxe5 Qxe5 16. Qa4 Qb8 17. Rhe1 c5 18. Qc4 b6 19. Bf4 Qb7 20. b4 Nd5
21. bxc5 b5 22. Qd4 Nxf4 23. Qxf4 Bc6 24. Re3 Rd5 25. Be4 Rxd1+ 26. Kxd1 Bxe4 27. Rxe4 Rd8+ 28. Ke2 Rd7 29. f3 Qd5 30. Re5 Qd1+
31. Kf2 Qxc2+ 32. Kg3 Rd2 33. c6 Rxg2+ 34. Kh3 g5
0-1

[Event "Who's up for some Caro-Kann??"]
[Site "SchemingMind.com"]
[Date "2005.10.27"]
[Round "-"]
[White "mmilano"]
[Black "carosoko"]
[Result "1-0"]
[WhiteCountry "VEN"]
[BlackCountry "BEL"]
[WhiteElo "1923"]
[WhiteRD "88"]
[BlackElo "1271"]
[BlackRD "178"]
[GameID "28567"]

1. e4 c6 2. d4 d5 3. exd5 cxd5 4. c4 Nf6 5. Nc3 Nc6 6. Nf3 Bg4 7. cxd5 Nxd5 8. Qb3 Bxf3 9. gxf3 e6 10. Qxb7 Nxd4
11. Bb5+ Nxb5 12. Qc6+ Ke7 13. Qxb5 Nxc3 14. bxc3 Qd7 15. Rb1 Rd8 16. Be3 Qxb5 17. Rxb5 Rd7 18. Ke2
1-0

[Event "Who's up for some Caro-Kann??"]
[Site "SchemingMind.com"]
[Date "2005.10.27"]
[Round "-"]
[White "Gary"]
[Black "mmilano"]
[Result "0-1"]
[WhiteCountry "ENG"]
[BlackCountry "VEN"]
[WhiteElo "1477"]
[WhiteRD "63"]
[BlackElo "1943"]
[BlackRD "94"]
[GameID "28568"]

1. e4 c6 2. d4 d5 3. Nc3 dxe4 4. Nxe4 Bf5 5. Ng3 Bg6 6. Nf3 Nd7 7. Bd3 Bxd3 8. Qxd3 e6 9. O-O Ngf6 10. c4 c5
11. Be3 Qc7 12. Rad1 Bd6 13. Ne4 Nxe4 14. Qxe4 O-O-O 15. h3 Nf6 16. Qc2 Kb8 17. dxc5 Bxc5 18. Bxc5 Qxc5 19. a3 Rc8 20. Nd2 Rhd8
21. b4 Qc6 22. c5 Rd5 23. Nc4 Rcd8 24. Rxd5 Qxd5 25. Nd6 Rd7 26. Rd1 Qe5 27. Qd2 Ne8 28. Qe3 Qxe3 29. fxe3 Nxd6
0-1

[Event "Who's up for some Caro-Kann??"]
[Site "SchemingMind.com"]
[Date "2005.10.27"]
[Round "-"]
[White "Oskyrain"]
[Black "mmilano"]
[Result "1-0"]
[WhiteCountry "ARG"]
[BlackCountry "VEN"]
[WhiteElo "2110"]
[WhiteRD "71"]
[BlackElo "1896"]
[BlackRD "100"]
[GameID "28569"]

1. e4 c6 2. d4 d5 3. e5 Bf5 4. Nf3 e6 5. Bd3 Bxd3 6. Qxd3 c5 7. dxc5 Qa5+ 8. Nc3 Bxc5 9. Qb5+ Qxb5 10. Nxb5 Na6
11. a3 Ke7 12. b4 Bb6 13. Nd6 Rb8 14. O-O f6 15. Bf4 Nh6 16. exf6+ gxf6 17. Nb5 Nf5 18. Bxb8 Nxb8 19. a4 a6 20. a5 Bd8
21. Nbd4 Nd6 22. Rfe1 e5 23. Rad1 Rg8 24. Ne2 Ke6 25. Nf4+
1-0

[Event "Who's up for some Caro-Kann??"]
[Site "SchemingMind.com"]
[Date "2005.10.27"]
[Round "-"]
[White "Aumonde"]
[Black "mmilano"]
[Result "1-0"]
[WhiteCountry "USA"]
[BlackCountry "VEN"]
[WhiteElo "2118"]
[WhiteRD "70"]
[BlackElo "1923"]
[BlackRD "88"]
[GameID "28570"]

1. e4 c6 2. d4 d5 3. Nd2 dxe4 4. Nxe4 Bf5 5. Ng3 Bg6 6. Nf3 Nd7 7. Bd3 Ngf6 8. Bxg6 hxg6 9. O-O Qc7 10. Qe2 e6
11. c4 Be7 12. Re1 O-O-O 13. Bd2 Bd6 14. b4 Bf4 15. Rad1 Kb8 16. a4 Bxd2 17. Qxd2 c5 18. bxc5 Nxc5 19. Qb4 Na6 20. Qb5 Rd7
21. Ne5 Rd6 22. c5 Rd5 23. Ne2 Rhd8 24. Qb1 Ka8 25. Nc3 Rxd4 26. Rxd4 Rxd4 27. Nb5 Qxc5 28. Nxd4 Qxd4 29. Qa1 Qf4 30. Rc1 Nb8
31. Rc8 a6 32. h3 Ka7 33. Rc7 Nd5 34. Rxf7 Qb4 35. Rxg7 Nf4 36. Kh1 Qe4 37. f3 Qe2 38. Qd4+
1-0

[Event "Who's up for some Caro-Kann??"]
[Site "SchemingMind.com"]
[Date "2005.10.27"]
[Round "-"]
[White "paddyBosnian"]
[Black "mmilano"]
[Result "0-1"]
[WhiteCountry "BIH"]
[BlackCountry "VEN"]
[WhiteElo "1810"]
[WhiteRD "75"]
[BlackElo "1923"]
[BlackRD "88"]
[GameID "28571"]

1. e4 c6 2. d4 d5 3. Nc3 dxe4 4. Nxe4 Bf5 5. Ng3 Bg6 6. h4 h6 7. N1e2 e6 8. Nf4 Bh7 9. Bc4 Nf6 10. Qe2 Bd6
11. Bxe6 O-O 12. O-O Re8 13. Bxf7+ Kxf7 14. Qc4+ Kf8 15. Ne6+ Rxe6 16. Qxe6 Bxc2 17. Bd2 Qd7 18. Qc4 Bh7 19. Rfe1 Na6 20. Re3 Re8
21. Rae1 Rxe3 22. Rxe3 Nc7 23. Rf3 Nd5 24. Qc1 Kg8 25. a3 Qg4 26. Qe1 Ne4 27. Qe2 Ndf6 28. Bc1 Qxh4 29. b4 Nxg3 30. fxg3 Bxg3
31. Qe6+ Kh8 32. Rxg3 Qxg3 33. Bxh6 Be4
0-1

[Event "Who's up for some Caro-Kann??"]
[Site "SchemingMind.com"]
[Date "2005.10.27"]
[Round "-"]
[White "carosoko"]
[Black "mmilano"]
[Result "0-1"]
[WhiteCountry "BEL"]
[BlackCountry "VEN"]
[WhiteElo "1271"]
[WhiteRD "178"]
[BlackElo "1923"]
[BlackRD "88"]
[GameID "28572"]

1. e4 c6 2. d4 d5 3. Nd2 dxe4 4. Nxe4 Bf5 5. Ng3 Bg6 6. N1e2 e6 7. Nf4 Bd6 8. Nxg6 hxg6 9. Bc4 Nf6 10. Bg5 Qc7
11. O-O Nbd7 12. Re1 O-O-O 13. a4 Nb6 14. Bb3 Nbd5 15. c4 Nf4 16. a5 c5 17. Qf3 N4h5 18. a6 Nxg3 19. hxg3 cxd4
0-1

[Event "Who's up for some Caro-Kann??"]
[Site "SchemingMind.com"]
[Date "2005.10.27"]
[Round "-"]
[White "Nestore"]
[Black "Gary"]
[Result "1-0"]
[WhiteCountry "ITA"]
[BlackCountry "ENG"]
[WhiteElo "1591"]
[WhiteRD "119"]
[BlackElo "1498"]
[BlackRD "55"]
[GameID "28586"]

1. e4 c6 2. d4 d5 3. Nc3 dxe4 4. Nxe4 Nf6 5. Nxf6+ gxf6 6. Nf3 Bg4 7. Be2 Nd7 8. O-O Qc7 9. c3 O-O-O 10. h3 Bh5
11. Qc2 e5 12. Be3 Bd6 13. dxe5 fxe5 14. Rfe1 Bg6 15. Bd3 Nc5 16. Bxg6 hxg6 17. Bxc5 Bxc5 18. Rxe5 Bd6 19. Re4 f5 20. Re6 Qf7
21. Rae1 Rhe8 22. Qb3 Rxe6 23. Qxe6+ Qxe6 24. Rxe6 Bc7 25. g3 Rd6 26. Rxd6 Bxd6 27. Kg2 Kd7 28. Nh4
1-0

[Event "Who's up for some Caro-Kann??"]
[Site "SchemingMind.com"]
[Date "2005.10.27"]
[Round "-"]
[White "Nestore"]
[Black "Oskyrain"]
[Result "0-1"]
[WhiteCountry "ITA"]
[BlackCountry "ARG"]
[WhiteElo "1658"]
[WhiteRD "153"]
[BlackElo "2110"]
[BlackRD "71"]
[GameID "28587"]

1. e4 c6 2. d4 d5 3. exd5 cxd5 4. c4 Nf6 5. Nc3 e6 6. cxd5 exd5 7. Nf3 Bb4 8. Bg5 Bxc3+ 9. bxc3 O-O 10. Be2 Qa5
11. Qc2 Ne4 12. Bd2 Bf5 13. Bd3 Nxd2 14. Qxd2 Bxd3 15. Qxd3 Re8+ 16. Kd2 Nd7 17. Rhe1 Nf6 18. Re3 Rxe3 19. Qxe3 Ne4+ 20. Ke2 Re8
21. Kf1 Ng3+
0-1

[Event "Who's up for some Caro-Kann??"]
[Site "SchemingMind.com"]
[Date "2005.10.27"]
[Round "-"]
[White "Nestore"]
[Black "Aumonde"]
[Result "0-1"]
[WhiteCountry "ITA"]
[BlackCountry "USA"]
[WhiteElo "1546"]
[WhiteRD "170"]
[BlackElo "2128"]
[BlackRD "65"]
[GameID "28588"]

1. e4 c6 2. d4 d5 3. e5 Bf5 4. Nf3 e6 5. Be2 c5 6. O-O Nc6 7. Be3 cxd4 8. Bxd4 Nge7 9. Nc3 Ng6 10. Bd3 Nxd4
11. Nxd4 Bxd3 12. Qxd3 Nxe5 13. Qb5+ Qd7 14. Rfe1 Ng6 15. Nxd5 O-O-O 16. Qxd7+ Rxd7 17. Nb5 Rxd5 18. Nxa7+ Kb8 19. c4 Rd2 20. Nb5 Bc5
21. Kh1 Rxb2 22. f3 Nf4 23. a4 Rd8 24. Red1 Nd3
0-1